Music Quiz

Random Music or Billboard Quiz

Top 40 Hits of Every Artist With a #1 Hit (2015) Quiz Stats

 Plays Quiz not verified by Sporcle

Score 0/118 Timer 15:00
0 Plays Today
Artist Song Title % Correct
AdeleHELLO*
82.9%
Justin Bieber ft. LudacrisBaby
79.2%
Taylor Swift ft. Kendrick LamarBAD BLOOD
79%
Taylor SwiftShake It Off
74.3%
Taylor SwiftBLANK SPACE
72.1%
OMICHEERLEADER
72.1%
Justin BieberSorry
70%
The WeekndCAN'T FEEL MY FACE
69.9%
Taylor Swift Love Story
69.3%
Mark Ronson ft. Bruno MarsUPTOWN FUNK!
69.3%
The WeekndTHE HILLS
68.7%
AdeleRolling In the Deep
67.1%
Justin BieberWHAT DO YOU MEAN?*
66.2%
AdeleSomeone Like You
65.7%
Wiz Khalifa ft. Charlie PuthSEE YOU AGAIN
62.9%
AdeleSet Fire to the Rain
62.9%
Bruno MarsGrenade
62.1%
Justin BieberLove Yourself
59.4%
Taylor SwiftStyle
59.3%
Taylor SwiftYou Belong With Me
58.6%
Skrillex & Diplo ft. Justin BieberWhere Are Ü Now
57.1%
Justin Bieber ft. Nicki MinajBeauty and a Beat
57.1%
Taylor SwiftI Knew You Were Trouble.
56.4%
Justin BieberBoyfriend
55.8%
Charlie Puth ft. Meghan TrainorMarvin Gaye
55.4%
The WeekndEarned It (Fifty Shades of Grey)
55.4%
Bruno MarsJust the Way You Are
55%
Taylor Swift We Are Never Ever Getting Back Together
51.4%
Justin BieberLove Me
50.6%
Taylor SwiftWildest Dreams
50.6%
Taylor Swift22
50%
Taylor SwiftRed
49.3%
AdeleWhen We Were Young
49.3%
Travie McCoy ft. Bruno MarsBillionaire
47.1%
AdeleChasing Pavements
47.1%
Taylor Swift Teardrops On My Guitar
45.7%
Bruno MarsThe Lazy Song
45.7%
Justin Bieber ft. Jaden SmithNever Say Never
45.5%
Maroon 5 ft. Wiz KhalifaPayphone
45%
Ariana Grande & The WeekndLove Me Harder
44.6%
Artist Song Title % Correct
Taylor Swift Mean
44.3%
Bruno MarsLocked Out Of Heaven
44.3%
Wiz KhalifaBlack and Yellow
42.9%
Bruno MarsWhen I Was Your Man
42.1%
AdeleSkyfall
41.4%
The WeekndIn The Night
39.1%
Taylor SwiftFifteen
37.9%
Bruno MarsTreasure
37.9%
Justin Bieber ft. Big SeanAs Long As You Love Me
37.7%
Taylor Swift ft. Ed SheeranEverything Has Changed
37.1%
B.o.B. ft. Bruno MarsNothin' on You
37.1%
Taylor SwiftMine
36.4%
Taylor SwiftFearless
35.7%
AdeleRumour Has It
35.7%
Taylor Swift Tim McGraw
35%
will.i.am. ft. Justin Bieber#thatPOWER
33.8%
Justin Bieber w/Sean KingstonEenie Meenie
32.5%
Taylor Swift Ours
32.1%
Taylor Swift Our Song
30.7%
Bad Meets Evil ft. Bruno MarsLighters
30.7%
Snoop Dogg ft. Wiz Khalifa & Bruno MarsYoung, Wild, & Free
30.7%
Mike WiLL Made-It ft. Miley Cyrus, Wiz Khalifa, & Juicy J23
30%
Justin BieberOne Time
29.9%
Bruno MarsGorilla
29.3%
Taylor Swift White Horse
29.3%
Taylor Swift ft. The Civil WarsSafe and Sound
29.3%
Taylor Swift Back to December
27.9%
Lil' Wayne ft. Bruno MarsMirror
25.7%
Taylor SwiftOut Of The Woods
25.7%
Bruno MarsIt Will Rain
25%
Justin BieberOne Less Lonely Girl
24.7%
Justin BieberSomebody to Love
23.4%
Justin Bieber (with Artists for Haiti)We Are The World 25 For Haiti
22.1%
Justin BieberMistletoe
20.8%
Taylor SwiftToday Was a Fairytale
20.7%
Justin BieberI'll Show You
20.3%
Taylor Swift Picture to Burn
20%
Taylor Swift Speak Now
19.3%
Justin Bieber ft. HalseyThe Feeling
18.8%
Boys Like Girls ft. Taylor SwiftTwo Is Better Than One
18.6%
Artist Song Title % Correct
B.o.B. ft. Taylor SwiftBoth of Us
18.6%
Maejor Ali ft. Juicy J & Justin BieberLolly
18.2%
Justin Bieber ft. LudacrisAll Around the World
18.2%
Taylor Swift Sparks Fly
17.9%
Taylor SwiftBegin Again
17.9%
Wiz KhalifaRoll Up
17.9%
T-Pain ft. Wiz Khalifa & Lily Allen5 O'Clock
16.4%
Taylor Swift w/Tim McGrawHighway Don't Care
15.7%
Justin BieberU Smile
15.6%
Justin BieberAll That Matters
14.3%
Taylor Swift Change
13.6%
Taylor Swift Eyes Open
13.6%
Chris Brown ft. Justin BieberNext To You
13%
Justin BieberHeartbreaker
13%
Taylor Swift Should've Said No
12.9%
Wiz KhalifaNo Sleep
12.1%
John Mayer ft. Taylor SwiftHalf of My Heart
11.4%
Taylor SwiftJump Then Fall
11.4%
Taylor Swift Forever & Always
10.7%
Wiz KhalifaWork Hard, Play Hard
10.7%
Justin BieberNever Let You Go
10.4%
Justin BieberDie In Your Arms
10.4%
Taylor SwiftState of Grace
10%
Taylor Swift You're Not Sorry
9.3%
Taylor SwiftCrazier
9.3%
Taylor SwiftRonan
9.3%
Wiz Khalifa w/2 ChainzWe Own It (Fast & Furious)
8.6%
Taylor SwiftSweeter Than Fiction
7.9%
Justin BieberHold Tight
7.8%
Taylor Swift If This Was a Movie
7.1%
Taylor Swift Superman
7.1%
Taylor Swift Innocent
7.1%
Far*East Movement ft. Justin BieberLive My Life
6.5%
Taylor SwiftCome In With the Rain
4.3%
Taylor SwiftSuperStar
4.3%
Taylor SwiftThe Other Side of the Door
4.3%
Taylor SwiftUntouchable
4.3%
Justin BieberFavorite Girl
3.9%

You're not logged in!

Compare scores with friends on all Sporcle quizzes.
OR
Log In

Sporcle TV

Today on Sporcle TV


Watch our educational content, quiz creation guides, and fun videos on Sporcle TV.

Show Comments

Extras

Top Quizzes Today


Score Distribution

Your Account Isn't Verified!

In order to create a playlist on Sporcle, you need to verify the email address you used during registration. Go to your Sporcle Settings to finish the process.

Report this User

Report this user for behavior that violates our Community Guidelines.

Details: